00702 2200253 4500001002100000005001700021008004100038020002200079035002400101040001200125082001000137084002000147100001500167245010700182250001100289260003000300300002200330500001100352650001300363700002300376700001500399850001200414990002200426INLIS00000000002552120170213101211.0  a978-602-7724-02-0 0010-021700000000335 aYOPDYOG a305.8 aDEP 305.8 Web T aWEBER, Max aTeori dasar analisis kebudayaanc/ Max Weber ; penerjemah, Abdul Qodir Shaleh ; penyunting, Anas Yusuf aCet.2. aYogyakartabIrCiSodc2013 a389 hlm.c; 20 cm aIndeks aEtnologi aAbdul Qodir Shaleh aAnas Yusuf aYOPDYOG aCB-D.11/2013-2474